43 tahun menempa kesabaran, ketjintaan dan kegemasan revolusioner. (Record no. 61579)

MARC details
000 -LEADER
fixed length control field 00603cam a22001931 4500
001 - CONTROL NUMBER
control field sa 65000512
003 - CONTROL NUMBER IDENTIFIER
control field DLC
005 - DATE AND TIME OF LATEST TRANSACTION
control field 20260227112103.0
008 - FIXED-LENGTH DATA ELEMENTS--GENERAL INFORMATION
fixed length control field 890317s1964 io 000 0 ind
010 ## - LIBRARY OF CONGRESS CONTROL NUMBER
LC control number sa 65000512
035 ## - SYSTEM CONTROL NUMBER
System control number (OCoLC)23560954
040 ## - CATALOGING SOURCE
Original cataloging agency DLC
Transcribing agency MiU
Modifying agency DLC
050 00 - LIBRARY OF CONGRESS CALL NUMBER
Classification number JQ779.A55
Item number S8
245 00 - TITLE STATEMENT
Title 43 tahun menempa kesabaran, ketjintaan dan kegemasan revolusioner.
246 3# - VARYING FORM OF TITLE
Title proper/short title Empat puluh tiga tahun menempa kesabaran, ketjintaan dan kegemasan revolusioner
260 ## - PUBLICATION, DISTRIBUTION, ETC.
Place of publication, distribution, etc. Djakarta,
Name of publisher, distributor, etc. Jajasan Pembaruan,
Date of publication, distribution, etc. 1964.
300 ## - PHYSICAL DESCRIPTION
Extent 20 p.
Dimensions 21 cm.
610 20 - SUBJECT ADDED ENTRY--CORPORATE NAME
Corporate name or jurisdiction name as entry element Partai Komunis Indonesia.

No items available.

Powered by Koha